Loading...
| Science - Chemistry | 0 | 6 | 1 | 0 | 55 | 73 | 102.50 | 1 | 5 |
| Literature - World Literature | 0 | 4 | 1 | 1 | 35 | 63 | 116.00 | 0 | 4 |
| Literature - European Literature | 0 | 4 | 1 | 1 | 35 | 106 | 124.50 | 1 | 4 |
| Science - Physics | 0 | 4 | 2 | 1 | 30 | 68 | 99.00 | 1 | 4 |
| Fine Arts - Classical Music | 0 | 2 | 0 | 0 | 20 | 91 | 95.00 | 1 | 2 |
| Fine Arts - Painting and Sculpture | 0 | 2 | 0 | 1 | 20 | 108 | 121.50 | 0 | 2 |
| Science - Other Science | 0 | 2 | 0 | 0 | 20 | 33 | 79.50 | 0 | 2 |
| Literature - British Literature | 0 | 2 | 2 | 0 | 10 | 108 | 124.00 | 0 | 2 |
| Social Science | 0 | 1 | 0 | 0 | 10 | 123 | 123.00 | 0 | 1 |
| Science - Biology | 0 | 1 | 1 | 0 | 5 | 90 | 90.00 | 1 | 1 |
| Literature - American Literature | 0 | 2 | 3 | 0 | 5 | 35 | 86.50 | 1 | 2 |
| Philosophy | 0 | 1 | 1 | 0 | 5 | 135 | 135.00 | 0 | 1 |
| Fine Arts - Other Fine Arts | 0 | 1 | 1 | 0 | 5 | 128 | 128.00 | 0 | 1 |
| History - World History | 0 | 0 | 0 | 0 | 0 | 0.00 | 0 | 0 | |
| History - American History | 0 | 0 | 0 | 0 | 0 | 0.00 | 0 | 0 |